The law of real property (Record no. 3579)

MARC details
000 -LEADER
fixed length control field 00725cam a22002531a 4500
001 - CONTROL NUMBER
control field 8259654
003 - CONTROL NUMBER IDENTIFIER
control field OSt
005 - DATE AND TIME OF LATEST TRANSACTION
control field 20230704085819.0
008 - FIXED-LENGTH DATA ELEMENTS--GENERAL INFORMATION
fixed length control field 830325s1923 mau 001 0 eng
010 ## - LIBRARY OF CONGRESS CONTROL NUMBER
LC control number 23012367
035 ## - SYSTEM CONTROL NUMBER
System control number (OCoLC)9346291
040 ## - CATALOGING SOURCE
Original cataloging agency DLC
Transcribing agency MBSuf
Modifying agency MoSU-L
-- DLC
042 ## - AUTHENTICATION CODE
Authentication code premarc
050 00 - LIBRARY OF CONGRESS CALL NUMBER
Classification number KFM2512
Item number .A97
082 ## - DEWEY DECIMAL CLASSIFICATION NUMBER
Classification number 344.2
Item number MEG
100 1# - MAIN ENTRY--PERSONAL NAME
Personal name Archer, Gleason Leonard,
Dates associated with a name 1880-1966.
245 14 - TITLE STATEMENT
Title The law of real property
Statement of responsibility, etc. Sir Robert Megarry and H.W.R.Wade
260 ## - PUBLICATION, DISTRIBUTION, ETC. (IMPRINT)
Place of publication, distribution, etc. Boston, Mass. :
Name of publisher, distributor, etc. Suffolk Law School Press,
Date of publication, distribution, etc. 10000465
300 ## - PHYSICAL DESCRIPTION
Extent 1230p
Dimensions 24 cm.
500 ## - GENERAL NOTE
General note Includes index.
650 #0 - SUBJECT ADDED ENTRY--TOPICAL TERM
Topical term or geographic name as entry element Real property.
906 ## - LOCAL DATA ELEMENT F, LDF (RLIN)
a 7
b cbc
c oclcrpl
d u
e ncip
f 19
g y-gencatlg
942 ## - ADDED ENTRY ELEMENTS (KOHA)
Source of classification or shelving scheme Dewey Decimal Classification
Koha item type Books
Holdings
Withdrawn status Lost status Source of classification or shelving scheme Damaged status Not for loan Home library Current library Date acquired Total Checkouts Full call number Barcode Date last seen Price effective from Koha item type
    Dewey Decimal Classification     County Hall Archives County Hall Archives 07/04/2023   344.2 MEG 10000465 07/04/2023 07/04/2023 Books
LIBRARY OPENING HOURS

When the Parliament is sitting: 8.00a.m - 7.00p.m or until the house adjourns
Mondays and Fridays and when the House is on Recess:  8.00a.m - 5.00p.m
Closed on Weekends and Public Holidays

Online Public Access Catalog (OPAC)
Website: http://www.parliament.go.ke
Bunge Library: https://libraryir.parliament.go.ke
Contact: library@parliament.go.ke | Tel no: (254-2)2221291 or 2848000 Ext 5043